000 00531nam a22001577a 4500
999 _c535737
_d535737
020 _qHard Cover.
082 _a621.3
100 _aRashid, Farhat
245 _aTO DESIGN AND DEVELOP AN EFFICIENT MIDDLEWARE FOR THE NETWORKED CONTROL SYSTEM /
_cFarhat Rashid.
260 _aIslamabad :
_bPNEC - NUST,
_c2013.
300 _axiii, 46 p. : ill. ;
_c30cm.
942 _2ddc
_cTHE
650 _aElectrical Engineering MS-Thesis.
_916073
700 _aDr. Attaullah Memon.
_919345